| 000 | 01067nas a2200313 4500 | ||
|---|---|---|---|
| 001 | BR2011006988 | ||
| 003 | BR-BrBNA | ||
| 005 | 20231205115724.0 | ||
| 007 | ta | ||
| 008 | 230509b bl.|||p| |||| 00| 00por d | ||
| 040 |
_aBR-BrBNA _bpor _cBiblioteca Nacional de Agricultura |
||
| 041 | _a(Pt) | ||
| 072 | _aP10; U10 | ||
| 100 | 1 | _aBrito, L.T. de L. | |
| 100 | 1 | _aSilva, A. de S. | |
| 100 | 1 | _aSrinivasan, V.S. | |
| 100 | 1 | _aGalvão, C. de O. | |
| 100 | 1 | _aGheyi, H.R. | |
| 245 | 1 | _aUso de análise multivariada na classificação das fontes hídricas subterrâneas da bacia hidrográfica do Salitre | |
| 650 | _aIMPACTO AMBIENTAL | ||
| 650 | _aQUALIDADE DA ÁGUA | ||
| 650 | _aSALINIDADE | ||
| 650 | _aMANANCIAL | ||
| 650 | _aMÉTODO ESTATÍSTICO | ||
| 773 | 0 |
_tEngenharia Agrícola (Brazil) _xISSN 1808-4389 _g(Jan-Apr 2006), v. 26(1) p. 36-44 _wBR2011006988 |
|
| 856 | 4 | 0 | _uhttp://www.scielo.br/scielo.php?script=sci_arttext pid=S0100-69162006000100005 lng=pt nrm=iso tlng=pt |
| 909 |
_a202311 _bLúcia _c55 _dLúcia Elande |
||
| 942 |
_2AGRIS _n0 _cANA |
||
| 999 |
_c215383 _d215383 |
||